Melun - Choix multiples - Statistiques

Statistiques générales
  • Ce quiz a été pris 74 fois
  • Le résultat moyen est 6 sur 10
Statistiques - réponses
Question Réponse % Correct
Quelle ville est la plus proche de Melun ? Fontainebleau
83%
Quel cours d'eau a atteint 6,10m à Melun lors d'une crue en 1910 ? La Seine
77%
Quelle nageuse célèbre s'étant entraîné à Melun a donné son nom au bassin extérieur de sa piscine municipale ? Laure Manaudou
70%
Laquelle de ces photos ne représente pas Melun ?
69%
Quel est le blason de Melun ?
69%
Quelle université parisienne a une branche à Melun ? Assas
64%
Laquelle de ces anecdotes sportives est fausse ? Melun a accueilli des épreuves d'aviron aux Jeux Olympiques 2024.
50%
Laquelle de ces personnalités n'est pas née à Melun ? Éric Judor
39%
Laquelle de ces affirmations historiques est fausse ? Melun fut à moitié détruite lors de la Seconde Guerre mondiale.
39%
Lequel de ces clips d'Internet se déroule en partie à Melun ? Time Time - Trei Degete
20%
Aucun quiz correspondant
Distribution des résultats
% des personnes avec chaque résultat
Percentile par nombre de réponses
Votre historique - résultats
Vous n’avez pas pris ce quiz